00352nam a2200097Ia 4500008004100000020001800041100002400059245012200083260003500205300001400240180116s9999 xx 000 0 und d a9780853698845 aFrancis, Sally-Anne cSally-Anne Francis, Falicity Smith, John Malkinson, Andrew Contanti, Kevin TayloraIntegrated Pharmacy Case Studies / aUKbPharmaceutical Pressc2015 a432 pages